| 000 | 00978cad a22002175a 4500 | ||
|---|---|---|---|
| 001 | E153166 | ||
| 008 | 110620s2011 xxk f 000 0 eng d | ||
| 020 | _a9781780452210 | ||
| 035 | _a(Sirsi) u153166 | ||
| 041 | 0 | _aeng | |
| 110 | 2 |
_aScotland _bScottish Government _95344 |
|
| 245 | 0 | 4 |
_aThe Flood Risk Management (Scotland) Act _bdelivering sustainable flood risk management _h[electronic resource] |
| 260 |
_aEdinburgh _bScottish Government _c2011 |
||
| 520 | _aOffers guidance to SEPA, local authorities and Scottish Water on fulfilling their responsibilities under the Flood Risk Management (Scotland) Act 2009 in a sustainable way. | ||
| 590 | _aKA | ||
| 650 | 2 | 4 | _aFLOOD RISK MANAGEMENT (SCOTLAND) ACT 2009 |
| 651 | 4 |
_aScotland _y1999- |
|
| 690 | _aENVIRONMENTAL AND LAND CONSULTANCY-WATER RESOURCE MANAGEMENT-FLOODING | ||
| 856 | 4 | 0 |
_uhttps://www.scotland.gov.uk/Publications/2011/06/15150211/0 _zView the guidance free of charge at www.scotland.gov.uk |
| 942 | _n0 | ||
| 999 |
_c112408 _d112408 |
||